The new religions of Japan.

Bibliographic Details
Main Author: Thomsen, Harry
Format: Book
Language:English
Published: Rutland, Vt. : C. E. Tuttle Co., [1963]
Edition:[1st ed.].
Subjects:

MARC

Tag First Indicator Second Indicator Subfields
LEADER 00000cam a2200000 4500
001 in00000039411
005 20151007081716.0
008 711103s1963 vtua b 00000 eng
010 |a  63008715  
035 |a (OCoLC)00168039 
035 |9 AAF6803AM 
040 |a DLC  |c WOO  |d OCL  |d TXA  |d UtOrBLW 
049 |a TXAM  |c [474720] 
050 0 0 |a BL2202  |b .T5 
082 0 |a 299.56 
092 |a 299.56  |b T481n 
100 1 |a Thomsen, Harry. 
245 1 4 |a The new religions of Japan. 
250 |a [1st ed.]. 
264 1 |a Rutland, Vt. :  |b C. E. Tuttle Co.,  |c [1963] 
300 |a 269 pages :  |b illustrations ;  |c 22 cm. 
336 |a text  |b txt  |2 rdacontent 
337 |a unmediated  |b n  |2 rdamedia 
338 |a volume  |b nc  |2 rdacarrier 
504 |a Bibliography: pages 259-264. 
650 0 |a Sects  |z Japan. 
651 0 |a Japan  |x Religion. 
999 |a MARS 
999 f f |s ebfd9318-8f21-39ac-92ff-5f264dec2c7b  |i fd286dd4-f587-334f-9844-98a76e89386d  |t 0 
952 f f |p ric  |a Texas A&M University  |b Rellis Campus  |c Joint Library Facility  |d Remote Storage  |t 0  |e BL2202 .T5  |h Library of Congress classification  |i unmediated -- volume  |m A14800631329 
998 f f |a BL2202 .T5  |t 0  |l Remote Storage